Essentials of precalculus with calculus previews / (Record no. 71527)
[ view plain ]
| 000 -LEADER | |
|---|---|
| fixed length control field | 01391cam a2200325 i 4500 |
| 001 - CONTROL NUMBER | |
| control field | 18259671 |
| 003 - CONTROL NUMBER IDENTIFIER | |
| control field | NUST - PNEC |
| 005 - DATE AND TIME OF LATEST TRANSACTION | |
| control field | 20170116181203.0 |
| 008 - FIXED-LENGTH DATA ELEMENTS--GENERAL INFORMATION | |
| fixed length control field | 140808t20162016mau b 001 0 eng |
| 010 ## - LIBRARY OF CONGRESS CONTROL NUMBER | |
| LC control number | 2014031642 |
| 020 ## - INTERNATIONAL STANDARD BOOK NUMBER | |
| International Standard Book Number | 9781284056327 (hbk.) |
| 020 ## - INTERNATIONAL STANDARD BOOK NUMBER | |
| International Standard Book Number | 1284056325 (hbk.) |
| 040 ## - CATALOGING SOURCE | |
| Original cataloging agency | DLC |
| Language of cataloging | eng |
| Transcribing agency | LIBRARY |
| Description conventions | rda |
| Modifying agency | DLC |
| 042 ## - AUTHENTICATION CODE | |
| Authentication code | pcc |
| 050 00 - LIBRARY OF CONGRESS CALL NUMBER | |
| Classification number | QA39.3 |
| Item number | .Z55 2016 |
| 082 00 - DEWEY DECIMAL CLASSIFICATION NUMBER | |
| Classification number | 512.1 ZIL |
| Edition number | 23 |
| 100 1# - MAIN ENTRY--PERSONAL NAME | |
| Personal name | Zill, Dennis G., |
| Dates associated with a name | 1940- |
| Relator term | author. |
| 245 10 - TITLE STATEMENT | |
| Title | Essentials of precalculus with calculus previews / |
| Statement of responsibility, etc. | Dennis G Zill, Loyola Marymount University, Jacqueline M. Dewar, Loyola Marymount University. |
| 250 ## - EDITION STATEMENT | |
| Edition statement | Sixth edition. |
| 260 ## - PUBLICATION, DISTRIBUTION, ETC. | |
| Place of publication, distribution, etc. | U.S.A. |
| Name of publisher, distributor, etc. | Jhones & Battlets learning; |
| Date of publication, distribution, etc. | c2016. |
| 300 ## - PHYSICAL DESCRIPTION | |
| Extent | xvi, 454 pages : |
| Other physical details | color illustrations ; |
| Dimensions | 29 cm. |
| 490 0# - SERIES STATEMENT | |
| Series statement | Jones & Bartlett Learning international series in mathematics |
| 504 ## - BIBLIOGRAPHY, ETC. NOTE | |
| Bibliography, etc. note | Includes bibliographical references and index. |
| 650 #0 - SUBJECT ADDED ENTRY--TOPICAL TERM | |
| Topical term or geographic name entry element | Precalculus |
| Form subdivision | Textbooks. |
| General subdivision | ME |
| 700 1# - ADDED ENTRY--PERSONAL NAME | |
| Personal name | Dewar, Jacqueline M., |
| Relator term | author. |
| 856 ## - ELECTRONIC LOCATION AND ACCESS | |
| Uniform Resource Identifier | <a href="http://www.amazon.com/Essentials-Precalculus-Calculus-Previews-Mathematics/dp/1284056325/ref=sr_1_1?s=books&ie=UTF8&qid=1455785381&sr=1-1&keywords=9781284056327">http://www.amazon.com/Essentials-Precalculus-Calculus-Previews-Mathematics/dp/1284056325/ref=sr_1_1?s=books&ie=UTF8&qid=1455785381&sr=1-1&keywords=9781284056327</a> |
| 906 ## - LOCAL DATA ELEMENT F, LDF (RLIN) | |
| a | 7 |
| b | cbc |
| c | orignew |
| d | 1 |
| e | ecip |
| f | 20 |
| g | y-gencatlg |
| 942 ## - ADDED ENTRY ELEMENTS (KOHA) | |
| Source of classification or shelving scheme | |
| Koha item type | Book |
| Withdrawn status | Lost status | Source of classification or shelving scheme | Materials specified (bound volume or other part) | Damaged status | Not for loan | Permanent Location | Current Location | Shelving location | Date acquired | Source of acquisition | Cost, normal purchase price | Total Checkouts | Full call number | Barcode | Date last seen | Cost, replacement price | Price effective from | Koha item type |
|---|---|---|---|---|---|---|---|---|---|---|---|---|---|---|---|---|---|---|
| Hardbound | Pakistan Navy Engineering College (PNEC) | Pakistan Navy Engineering College (PNEC) | 12/07/2015 | Siddiqui Enterprises/Reference grant | 6912.00 | 512.1 ZIL | PNECLIB-032418 | 02/18/2016 | 6912.00 | 12/07/2015 | Book |
